Special report 2001: E-business (Record no. 68507)
[ view plain ]
| 000 -LEADER | |
|---|---|
| fixed length control field | 01075cam a2200229 4500 |
| 001 - CONTROL NUMBER | |
| control field | ABS64552 |
| 008 - FIXED-LENGTH DATA ELEMENTS--GENERAL INFORMATION | |
| fixed length control field | 011008n2001 000 0 eng u |
| 035 ## - SYSTEM CONTROL NUMBER | |
| System control number | (Sirsi) u115028 |
| 100 ## - MAIN ENTRY--PERSONAL NAME | |
| Personal name | Waller, A. |
| 245 ## - TITLE STATEMENT | |
| Title | Special report 2001: E-business |
| 260 ## - PUBLICATION, DISTRIBUTION, ETC. | |
| Date of publication, distribution, etc. | 2001 |
| 490 ## - SERIES STATEMENT | |
| Series statement | Estates Gazette |
| Volume/sequential designation | (0140) 6 October 2001, 117-129(6) |
| 520 ## - SUMMARY, ETC. | |
| Summary, etc. | The Property Computer Show (PCS) takes place from 16-17 October 2001. This year it is being held at a different venue - ExCeL, the exhibition centre on the north bank of Royal Victoria Docks. Examines what will be on show at the PCS, and looks at some of the new products on offer. Also offers some advice on choosing IT systems. Rather than surveying the available products recommends companies start with a detailed analysis of the functions that support their business aims. |
| 590 ## - LOCAL NOTE (RLIN) | |
| Local note | ABS |
| 650 ## - SUBJECT ADDED ENTRY--TOPICAL TERM | |
| Topical term or geographic name entry element | PROPERTY COMPUTER SHOW |
| 650 ## - SUBJECT ADDED ENTRY--TOPICAL TERM | |
| Topical term or geographic name entry element | IT SYSTEMS |
| 650 ## - SUBJECT ADDED ENTRY--TOPICAL TERM | |
| Topical term or geographic name entry element | EBUSINESS |
| 650 ## - SUBJECT ADDED ENTRY--TOPICAL TERM | |
| Topical term or geographic name entry element | STRATEGY |
| 690 ## - LOCAL SUBJECT ADDED ENTRY--TOPICAL TERM (OCLC, RLIN) | |
| Topical term or geographic name as entry element | MANAGEMENT-BUSINESS MANAGEMENT-INFORMATION MANAGEMENT |
| 700 ## - ADDED ENTRY--PERSONAL NAME | |
| Personal name | Ellison, W. |
| 942 ## - ADDED ENTRY ELEMENTS (KOHA) | |
| Suppress in OPAC | 0 |
| Withdrawn status | Lost status | Source of classification or shelving scheme | Damaged status | Not for loan | Home library | Current library | Shelving location | Date acquired | Total Checkouts | Full call number | Barcode | Date last seen | Copy number | Price effective from | Koha item type |
|---|---|---|---|---|---|---|---|---|---|---|---|---|---|---|---|
| Dewey Decimal Classification | London | London | Journal article | 08/10/2001 | ABS64552 | 115028-1001 | 06/08/2019 | 1 | 06/08/2019 | Journal article |